Исследование времени контакта синтез-газа с площадью поверхности Fe-Co сплава, полученного методом электрического взрыва проводника; Химия и химическая технология в XXI веке

Dettagli Bibliografici
Parent link:Химия и химическая технология в XXI веке.— 2020.— [С. 400-401]
Autore principale: Пивовар В. А.
Ente Autore: Национальный исследовательский Томский политехнический университет Инженерная школа природных ресурсов Отделение химической инженерии
Altri autori: Попок Е. В. Евгений Владимирович (научный руководитель), Журавков С. П. Сергей Петрович
Riassunto:Заглавие с экрана
Lingua:russo
Pubblicazione: 2020
Serie:Технология и моделирование процессов подготовки и переработки углеводородного сырья
Soggetti:
Accesso online:http://earchive.tpu.ru/handle/11683/63427
Natura: MixedMaterials Elettronico Capitolo di libro
KOHA link:https://koha.lib.tpu.ru/cgi-bin/koha/opac-detail.pl?biblionumber=631924

MARC

LEADER 00000naa2a2200000 4500
001 631924
005 20240213090508.0
035 |a (RuTPU)RU\TPU\conf\33625 
035 |a RU\TPU\conf\33622 
090 |a 631924 
100 |a 20200924d2020 k y0rusy50 ca 
101 0 |a rus 
102 |a RU 
105 |a y z 101zy 
135 |a drgn ---uucaa 
181 0 |a i  
182 0 |a b 
200 1 |a Исследование времени контакта синтез-газа с площадью поверхности Fe-Co сплава, полученного методом электрического взрыва проводника  |f В. А. Пивовар, Е. В. Попок  |g науч. рук. С. П. Журавков 
203 |a Текст  |c электронный 
225 1 |a Технология и моделирование процессов подготовки и переработки углеводородного сырья 
300 |a Заглавие с экрана 
320 |a [Библиогр.: с. 401 (1 назв.)] 
463 0 |0 (RuTPU)RU\TPU\conf\32967  |t Химия и химическая технология в XXI веке  |o материалы XXI Международной научно-практической конференции студентов и молодых ученых имени выдающихся химиков Л. П. Кулёва и Н. М. Кижнера, посвященной 110-летию со дня рождения профессора А. Г. Стромберга, 21–24 сентября 2020 г., г. Томск  |f Национальный исследовательский Томский политехнический университет  |v [С. 400-401]  |d 2020 
610 1 |a электронный ресурс 
610 1 |a труды учёных ТПУ 
610 1 |a синтез-газ 
610 1 |a поверхности 
610 1 |a сплавы 
610 1 |a электрические взрывы 
610 1 |a проводники 
610 1 |a реагенты 
610 1 |a катализаторы 
610 1 |a время 
610 1 |a контакты 
700 1 |a Пивовар  |b В. А. 
701 1 |a Попок  |b Е. В.  |c химик-технолог  |c доцент Томского политехнического университета, кандидат технических наук  |f 1987-  |g Евгений Владимирович  |3 (RuTPU)RU\TPU\pers\28560  |9 13379 
702 1 |a Журавков  |b С. П.  |c химик  |c старший научный сотрудник Томского политехнического университета, кандидат химических наук  |f 1961-  |g Сергей Петрович  |4 727 
712 0 2 |a Национальный исследовательский Томский политехнический университет  |b Инженерная школа природных ресурсов  |b Отделение химической инженерии  |3 (RuTPU)RU\TPU\col\23513 
801 2 |a RU  |b 63413507  |c 20201125  |g RCR 
856 4 |u http://earchive.tpu.ru/handle/11683/63427 
942 |c BK